| 000 | 00346nam a2200121Ia 4500 | ||
|---|---|---|---|
| 008 | 230907s9999||||xx |||||||||||||| ||und|| | ||
| 082 |
_a658.26 _bEGG |
||
| 100 |
_aEggink, John, _9115797 |
||
| 245 | 0 | _aManaging energy costs : | |
| 260 |
_aFairmont Press ; | CRC Press, _bLilburn, GA : | Boca Raton : _c2007 |
||
| 300 | _axi, 274 p. : | ||
| 942 | _cBK | ||
| 999 |
_c599570 _d599570 |
||